00947nam a22001697a 4500003000900000008004100009040007100050082002600121245007300147260003000220300004600250440004900296505032700345650002700672650002800699710005000727AR-CdUCM190429b ||||| |||| 00| 0 spa d aMUNICIPALIDAD PROVINCIAL DEL CUSCOcBIBLIOTECA MUNICIPAL DEL CUSCO aProcultura/N°10/2003 aRevista Pro cultura /cSociedad Pro-Cultura Clorinda Matto de Turner aCusco.bPantigozo,c2003. a115 páginas. :bilustraciones ;c30 cm. aRevista Pro cultura.nN°10, diciembre 2003. aContenido: Sociedad Pro cultura Clorinda Matto de Turner 75 años al servicio del Cusco. -- Homenaje por las bodas de diamante institucionales. -- Desarrollo de actividades institucionales en el bienio 2002-2003. -- A propósito de Clorinda Matto de Turner. --Espacio poético y de reflexión. -- Miscelánea de foto. aHistoria institucional aClorinda Matto deTurner aSociedad Pro Cultura Clorinda Matto de Turner